000 00716nam a22002657a 4500
003 OSt
005 20140310181731.0
008 130313t xxu||||| |||| 00| 0 eng d
020 _a9719222107
050 _aHF 5386
_b.T161 2000
082 _aFIL 650.119
_bT15 2000
245 _a6 qualities of high achievers :
_bskills building manual /
_cGenevieve Ledesma Tan
260 _aLas Pinas City, Philippines :
_bActum Publications,
_cc2000.
300 _ax, 166 p. :
_bill. ;
_c28 cm.
521 _a
541 _j1
541 _j2
541 _j3
541 _j4
541 _j5
541 _j6
541 _j7
562 _e7
942 _2lcc
_cBK-FIL
_kFIL
999 _c2411
_d2411